000 00697nam a2200241 a 4500
001 0001-0945
003 ELIB.Books
008 140908 2010 eng
020 _aKBTS
035 _a(ELIB.Books)0001-1099
092 _aThesis
_bEh
100 _aEh Thaw, Saw
245 _aKaren Baptist Theological Seminary:
_bA Training Centre for Developing Effective Karen Baptist Church Leader of Myanmar
260 _aKBTS; Insein
_bKaren Baptist Theological Seminary
_c2013
300 _c29.7 Cm
500 _aEh Thaw, Saw
650 _aThesis
856 _nKBTS; Library
_uKBTS; Elib.
942 _2ddc
_cBK
990 _a1
998 _cbat
_e2014-09-08
999 _c10945
_d10945